Densest Developed Countries (per sq mi) - Statistics

General Stats
  • This quiz has been taken 7 times
  • The average score is 6 of 15
Answer Stats
Density (per sq mi) Country % Correct
875 Japan
83%
21,178 Singapore
83%
743 United Kingdom
83%
1,370 South Korea
67%
1,005 Belgium
50%
1,140 Israel
50%
4,413 Malta
50%
1,412 Netherlands
50%
1,655 Taiwan
50%
5,421 Bahrain
17%
749 Seychelles
17%
1,702 Barbados
0%
730 Kuwait
0%
1,619 Mauritius
0%
764 Trinidad and Tobago
0%
No matching quizzes found
Score Distribution
Percent of People with Each Score
Percentile by Number Answered
Your Score History
You have not taken this quiz